Keep the fire glowing. (Record no. 13248)

000 -LEADER
fixed length control field 00655nam a2200205 a 4500
001 - CONTROL NUMBER
control field :::00011066$&:&@@
003 - CONTROL NUMBER IDENTIFIER
control field OkBaRHE
005 - DATE AND TIME OF LATEST TRANSACTION
control field 20000607103405.0
008 - FIXED-LENGTH DATA ELEMENTS--GENERAL INFORMATION
fixed length control field s1986 j 000 0 eng u
040 ## - CATALOGING SOURCE
Transcribing agency
100 1# - MAIN ENTRY--PERSONAL NAME
Personal name Williams, Pat, 1940-
245 10 - TITLE STATEMENT
Title Keep the fire glowing.
260 ## - PUBLICATION, DISTRIBUTION, ETC. (IMPRINT)
Place of publication, distribution, etc Old Tappan, NJ., :
Name of publisher, distributor, etc Fleming H. Revell
Date of publication, distribution, etc c1986
300 ## - PHYSICAL DESCRIPTION
Extent 160 p. ;
Dimensions 22 cm.
650 ## - SUBJECT ADDED ENTRY--TOPICAL TERM
Topical term or geographic name as entry element Family
General subdivision Religious Life
700 ## - ADDED ENTRY--PERSONAL NAME
Personal name Jenkins, Jerry B., Joint author.
700 ## - ADDED ENTRY--PERSONAL NAME
Personal name Williams, Jill (Jill M. P.), Joint author.
942 ## - ADDED ENTRY ELEMENTS (KOHA)
Source of classification or shelving scheme
Koha item type Books
Copies
Date last seen Source of classification or shelving scheme Price effective from Shelving location Koha item type Barcode Date acquired Permanent Location Damaged status Lost status Not for loan Withdrawn status Copy number Full call number
2010-04-14 2010-04-14General StacksBooks110662010-04-14RHEMA Bible Training College    1BV 4526.2 .W54